000 00866nas a2200265 4500
001 BR2016005030
003 BR-BrBNA
005 20231205130738.0
007 ta
008 230509b bl.|||p| |||| 00| 00por d
040 _aBR-BrBNA
_bpor
_cBiblioteca Nacional de Agricultura
041 _a(Pt)
072 _aQ03
100 1 _aSousa, R.M. de
100 1 _aRezende, A.J. de
100 1 _aFortes, R.C.
100 1 _aOliveira, C.R. de A.
245 1 _aAnálise microbiológica de copos de liquidificador e placas de corte em cantinas de escolas públicas do Guará - DF
650 _aCONTAMINAÇÃO
650 _aHIGIENE DE ALIMENTO
650 _aCONTROLE DE QUALIDADE
773 0 _tHigiene Alimentar (Brazil)
_xISSN 0101-9171
_g(Sep-Oct 2016), v. 30(260-261) p. 143-148
_wBR2016005030
909 _a202311
_bLúcia
_c55
_dLúcia Elande
942 _2AGRIS
_n0
_cANA
999 _c250981
_d250981